000 00478nam a2200181Ia 4500
001 25256
005 20260414151137.0
008 260414t2022||||xx |||||||||||||| ||spa||
041 _aESP
082 _a346.43
_bB47
100 _aBetancourt Kanashiro, Christian Rubén
_eAUT
245 0 _aAspectos legales del negocio inmobiliario de bienes futuros
_b
260 _c2022
300 _a207 páginas :
_c20 cm.
650 _aDER
654 _aCDE
942 _cLIB
_dJUS
_fJUS
_2ddc
_n
999 _c25256
_d25256